01355nam a22003737a 4500003000500000005001700005008004100022010000900063011000900072035000900081040000900090082001600099100003500115245004500150260006400195300001900259490004900278500001000327590004100337590004100378590004100419590004100460590004100501590004200542650003400584650003400618710006600652830005600718901000700774942001000781949005000791999001500841952012500856CHAP20220329133325.0971013s1987 r 00010 d a4906 a5878 a5094 cCHAP a027.009 08600aOsorio Romero, Ignacio.984239 aHistoria de las bibliotecas Novohispanas aMéxico, D.F. :bDirección General de Bibliotecas,c1987 a282 p.b: ilus aHistoria de las bibliotecas en Méxicov; 1 a55-37 aBATCH-UPDb10c20130109lUCH01h2316 aBATCH-UPDb10c20130110lUCH01h1747 aBATCH-UPDb10c20130409lUCH01h1837 aBATCH-UPDb10c20130410lUCH01h1125 aBATCH-UPDb10c20130914lUCH01h0622 aCONVERSIONb10c20130109lUCH01h130414aBibliotecasxHistoria.91251414aBibliotecasxMéxico.9125190 aPrograma Nacional de Bibliotecas Públicas. México.9923330 aHistoria de las bibliotecas en Méxicov; 1955617 aBK cLIBRO a027.009 086bBCcBd-14661eBh80247i5094si c4906d4906 00104053708BaBCbBCcPA_BIBd2019-12-31fLIBROi127l0o027.009 086p-14661r2019-12-31 00:00:00w2019-12-31yLIBRO